000 00492nam a2200169Ia 4500
003 OSt
005 20210107112120.0
008 190216s9999||||xx |||||||||||||| ||und||
040 _coclc
082 _a894.812301
_bPAR/M
100 _aParakadavu, P K
_95449
245 0 _aMounathinte Nilavili /
_cP K Parakadavu
260 _bPoorna Publications,
_aKozhikode:
_c1999.
300 _a118p
650 _aKathakal
942 _cBK
_2ddc
_h894.812301
_iPAR/M
_k894.812301
_mPAR/M
999 _c27828
_d27828